000 00297 a2200121 4500
001 ART_17509
005 20260410161750.0
008 260409a
245 1 0 _aSwitch
100 1 _aHeath, Chip
700 1 _aHeath, Dan
773 0 _tBook Summary
_g- NÂș 14 (ene. 2011)
_wREV4099
999 _c19579
_d19579